[Event "ch-NED"]
[Site "Hilversum NED"]
[Date "2008.04.05"]
[Round "4"]
[White "Stellwagen,D"]
[Black "Nijboer,F"]
[Result "1/2-1/2"]
[WhiteElo "2621"]
[BlackElo "2558"]

1.e4 e5 2.Nf3 Nc6 3.Bb5 a6 4.Ba4 Nf6 5.O-O Be7 6.Re1 b5 7.Bb3 d6 8.c3 O-O
9.h3 Bb7 10.d4 Re8 11.Nbd2 Bf8 12.a4 h6 13.Bc2 exd4 14.cxd4 Nb4 15.Bb1 c5
16.d5 Nd7 17.Ra3 c4 18.axb5 axb5 19.Nd4 Ne5 20.Nxb5 Qb6 21.Rxa8 Rxa8 22.Na3 Rc8
23.Nf3 Nbd3 24.Bxd3 Nxd3 25.Re2 f5 26.Be3 Qb4 27.Nc2 Qa5 28.exf5 Qxd5 29.Ncd4 Be7
30.Rd2 Bf6 31.b3 Ne5 32.bxc4 Nxc4 33.Re2 Ne5 34.Rd2  1/2-1/2

[Event "TCh-RUS Major League"]
[Site "Dagomys RUS"]
[Date "2008.04.10"]
[Round "8"]
[White "Klimov,A"]
[Black "Korotylev,A"]
[Result "0-1"]
[WhiteElo "2394"]
[BlackElo "2606"]

1.e4 e5 2.Nf3 Nc6 3.Bb5 a6 4.Ba4 Nf6 5.O-O Be7 6.Re1 b5 7.Bb3 d6 8.c3 O-O
9.h3 Bb7 10.d4 Re8 11.Nbd2 Bf8 12.d5 Nb8 13.Nf1 Nbd7 14.N3h2 h6 15.Ng3 Nc5
16.Bc2 c6 17.dxc6 Bxc6 18.Ng4 Nxg4 19.Qxg4 Bd7 20.Nf5 Kh8 21.Qf3 Qf6 22.Rd1 Red8
23.Be3 Be6 24.Rd2 d5 25.Bxc5 dxe4 26.Rxd8 Rxd8 27.Qxe4 Bxc5 28.Nd4 g6 29.Nf3 Kg7
30.a4 Bf5 31.Qe2 e4 32.Nh2 Qg5 33.Nf1 Bxh3 34.Qxe4 Re8 35.Qf3 Bg4  0-1

[Event "Open"]
[Site "Senj CRO"]
[Date "2008.04.22"]
[Round "8"]
[White "Fercec,N"]
[Black "Jovanic,O"]
[Result "1/2-1/2"]
[WhiteElo "2492"]
[BlackElo "2504"]

1.e4 e5 2.Nf3 Nc6 3.Bb5 a6 4.Ba4 Nf6 5.O-O Be7 6.Re1 b5 7.Bb3 d6 8.c3 O-O
9.h3 Bb7 10.d4 Re8 11.Nbd2 Bf8 12.d5 Nb8 13.Nf1 Nbd7 14.Bg5 h6 15.Bh4 g6
16.N3h2 Bg7 17.Ng4 Qe7 18.Qf3 h5 19.Nge3 Qf8 20.a4 Nh7 21.axb5 axb5 22.Qe2 Bf6
23.Bxf6 Nhxf6 24.Nd2 Reb8 25.Nc2 Nc5 26.Nb4 Kg7 27.Bc2 Qe8 28.Nf3 Rxa1 29.Rxa1 Ra8
30.Rd1 Bc8 31.Qe3 Bd7 32.Ng5 Nh7 33.Nxh7 Kxh7 34.Qe1 Qe7 35.Qe3 Kg7 36.Rf1 Qf6
37.Re1 g5 38.Bd1 Kg6 39.Qe2 g4 40.g3 Ra1 41.h4 Kg7 42.Bc2 Qf3 43.Qd2 Rxe1+
44.Qxe1 f6 45.Nc6 f5 46.exf5 Qxd5 47.f6+ Kxf6 48.Nb4 Qg8 49.Qd2 Ke7 50.Qh6 Be8
51.Bh7 Qf7 52.Qg5+ Kf8 53.Bb1 c6 54.Ba2 Qg6 55.Qd8 d5 56.Qc7 Nd3 57.Nxd3 Qxd3
58.Qxe5 Qd1+ 59.Kg2 Qf3+ 60.Kg1 Qd1+ 61.Kg2 Qf3+ 62.Kg1  1/2-1/2

[Event "IX EICC"]
[Site "Plovdiv BUL"]
[Date "2008.04.23"]
[Round "3"]
[White "Volokitin,And"]
[Black "Azarov,S"]
[Result "0-1"]
[WhiteElo "2684"]
[BlackElo "2585"]

1.e4 e5 2.Nf3 Nc6 3.Bb5 a6 4.Ba4 Nf6 5.O-O Be7 6.Re1 b5 7.Bb3 d6 8.c3 O-O
9.h3 Bb7 10.d4 Re8 11.Nbd2 Bf8 12.a4 Qd7 13.axb5 axb5 14.Rxa8 Bxa8 15.d5 Na5
16.Bc2 c6 17.b4 Nb7 18.Nf1 cxd5 19.exd5 Nd8 20.Ne3 Qc8 21.Bb2 g6 22.Nh2 Bg7
23.Bb3 Nh5 24.Qe2 Qb7 25.Ra1 Nf4 26.Qf1 e4 27.Ra5 Nd3 28.Ba1 f5 29.c4 bxc4
30.Nxc4 Bf8 31.Ba4 Re7 32.Bf6 Rc7 33.Nb6 Rc1 34.Qxc1 Nxc1 35.Bxd8 Qg7 36.Bd7 Qd4
37.Be6+ Kg7 38.Nf1 Ne2+ 39.Kh2 Qxf2 40.Ra7+ Kh6 41.h4 Qg1+ 42.Kh3 Nf4+  0-1

[Event "IX EICC"]
[Site "Plovdiv BUL"]
[Date "2008.04.25"]
[Round "5"]
[White "Fressinet,L"]
[Black "Nijboer,F"]
[Result "1/2-1/2"]
[WhiteElo "2656"]
[BlackElo "2558"]

1.e4 e5 2.Nf3 Nc6 3.Bb5 a6 4.Ba4 Nf6 5.O-O Be7 6.Re1 b5 7.Bb3 d6 8.c3 O-O
9.h3 Bb7 10.d4 Re8 11.Nbd2 Bf8 12.d5 Nb8 13.Nf1 h6 14.N3h2 Nbd7 15.Ng4 Nxg4
16.Qxg4 Nf6 17.Qf3 Nh7 18.a4 Qd7 19.Qd3 g6 20.Ne3 Bg7 21.Bd2 f5 22.axb5 axb5
23.Rxa8 Bxa8 24.exf5 e4 25.Qe2 gxf5 26.f4 exf3 27.Qxf3 Re5 28.Bc2 Ng5 29.Qf4 Qf7
30.Bxf5 Bxd5 31.h4 Nh7 32.Nxd5 Rxe1+ 33.Bxe1 Qxd5 34.Qg4 Nf6 35.Qg6 Kf8 36.Bf2 Qf7
37.Qg3 Qd5 38.Bd3 h5 39.Be2 Qf5 40.Bd4 Qb1+ 41.Bf1 Kf7 42.Qf3 c5 43.Bxf6 Bxf6
44.Qxh5+ Ke7 45.Qe2+ Be5 46.Qxb5 Qe1 47.Qb7+ Kd8 48.Qb8+ Kd7 49.Qa7+ Kd8
50.Qa5+ Kd7 51.Qa4+ Kc7 52.Qa7+ Kd8 53.Qb8+ Kd7 54.h5 Qe3+ 55.Kh1 Qe1 56.Qb7+ Kd8
57.Qb8+ Kd7 58.Qb7+ Kd8 59.Qf3 Qh4+ 60.Qh3 Qxh3+ 61.gxh3 Ke7 62.Kg2 Kf6 63.Bc4 Kg7
64.Kf3 Kh8 65.Bd5 Bh2  1/2-1/2

[Event "IX EICC"]
[Site "Plovdiv BUL"]
[Date "2008.04.27"]
[Round "7"]
[White "Sokolov,And1"]
[Black "Luch,M"]
[Result "1-0"]
[WhiteElo "2596"]
[BlackElo "2383"]

1.e4 e5 2.Nf3 Nc6 3.Bb5 a6 4.Ba4 Nf6 5.O-O Be7 6.Re1 b5 7.Bb3 d6 8.c3 O-O
9.h3 Bb7 10.d3 Na5 11.Bc2 c5 12.Nbd2 Re8 13.Nf1 Bf8 14.Bg5 h6 15.Bh4 Be7
16.Bg3 Bf8 17.Ne3 g6 18.Qd2 Qb6 19.Bh4 g5 20.Bg3 b4 21.Ba4 Bc6 22.Bxc6 Nxc6
23.h4 Nh7 24.hxg5 hxg5 25.Nd5 bxc3 26.bxc3 Qd8 27.Nh2 Ne7 28.Nxe7+ Rxe7 29.Ng4 Rb7
30.Rab1 Qc8 31.Rxb7 Qxb7 32.d4 cxd4 33.cxd4 f6 34.f3 Rb8 35.Bf2 Qb2 36.Qa5 Qb5
37.Qc7 Rb7 38.Qc8 Rb8 39.Qe6+ Kg7 40.Rc1 Rb7 41.Ne3 Qb2 42.Nf5+ Kh8 43.Rc8 Rb8
44.Ne7  1-0

[Event "IX EICC"]
[Site "Plovdiv BUL"]
[Date "2008.04.30"]
[Round "9"]
[White "Almasi,Z"]
[Black "Nijboer,F"]
[Result "1-0"]
[WhiteElo "2674"]
[BlackElo "2558"]

1.e4 e5 2.Nf3 Nc6 3.Bb5 a6 4.Ba4 Nf6 5.O-O Be7 6.Re1 b5 7.Bb3 d6 8.c3 O-O
9.h3 Bb7 10.d4 Re8 11.Nbd2 Bf8 12.d5 Nb8 13.Nf1 h6 14.N3h2 Nbd7 15.Ng4 Nxg4
16.Qxg4 Nf6 17.Qf3 c6 18.dxc6 Bxc6 19.Nh2 a5 20.a3 a4 21.Ba2 d5 22.Ng4 dxe4
23.Qf5 Ra7 24.Bxh6 Nxg4 25.hxg4 Qd6 26.Be3 Rb7 27.Rad1 Qf6 28.Bg5 Qxf5 29.gxf5 Rc8
30.Rd2 Be7 31.Bxe7 Rxe7 32.Rd6 Rd7 33.Rxd7 Bxd7 34.Rxe4 Rc5 35.g4 Kf8 36.Kh2 f6
37.Re3 Rc6 38.Rh3 Rd6 39.Rh8+ Ke7 40.Rg8 Rd2 41.Rxg7+ Ke8 42.Bf7+ Kf8 43.Rh7 Bc6
44.Bg6 Rxf2+ 45.Kg1 Rg2+ 46.Kf1 Rxg4 47.Rf7+ Kg8 48.Rxf6 Bd5 49.Be8 Bc4+
50.Kf2 Re4 51.Kf3 Re1 52.Rb6 e4+ 53.Kf4 Rf1+ 54.Kg5 e3 55.Bh5 e2 56.f6 Rxf6
57.Kxf6  1-0

[Event "I Open"]
[Site "Augustow POL"]
[Date "2008.05.12"]
[Round "3"]
[White "Poswiatowski,M"]
[Black "Sabuk,P"]
[Result "0-1"]
[WhiteElo "1778"]
[BlackElo "2044"]

1.e4 e5 2.Nf3 Nc6 3.Bb5 a6 4.Ba4 Nf6 5.O-O Be7 6.Re1 b5 7.Bb3 d6 8.c3 O-O
9.h3 Bb7 10.d3 Na5 11.Bc2 c5 12.Nbd2 Re8 13.Nf1 h6 14.Ng3 Bf8 15.Nh2 g6 16.f4 Bg7
17.f5 Kh7 18.Ng4 d5 19.exd5 Nxd5 20.Rf1 h5 21.Nh2 Nf4 22.Bxf4 exf4 23.Ne4 Nc4
24.Qc1 Bxe4 25.dxe4 Bh6 26.Nf3 g5 27.h4 Ne3 28.hxg5 Nxf1 29.Qxf4 Nd2 30.f6 Nxf3+
31.gxf3 Rg8 32.Qf5+ Kh8 33.f4 Qc8 34.Qd5 Qg4+ 35.Kh1 Bxg5 36.fxg5 Qh4+  0-1

[Event "I Open"]
[Site "Augustow POL"]
[Date "2008.05.12"]
[Round "4"]
[White "Kovalev,An"]
[Black "Sabuk,P"]
[Result "1-0"]
[WhiteElo "2560"]
[BlackElo "2044"]

1.e4 e5 2.Nf3 Nc6 3.Bb5 a6 4.Ba4 Nf6 5.O-O Be7 6.Re1 b5 7.Bb3 d6 8.c3 O-O
9.h3 Bb7 10.d4 Re8 11.Nbd2 Bf8 12.Bc2 g6 13.d5 Nb8 14.c4 c6 15.b3 Nbd7 16.Nf1 Rc8
17.Bg5 Qc7 18.Rc1 h6 19.Be3 Kh7 20.Ng3 Qb8 21.Nd2 Bg7 22.Bd3 b4 23.a3 a5
24.axb4 axb4 25.h4 h5 26.Nf3 c5 27.Ng5+ Kg8 28.Nf1 Qc7 29.f3 Ra8 30.g4 Bc8
31.Ng3 hxg4 32.fxg4 Nf8 33.Be2 Qd7 34.Rf1 Re7 35.Nf5 gxf5 36.gxf5 Ng6 37.fxg6 fxg6
38.Qd3 Qe8 39.Rf2 Raa7 40.Rg2 Nh5 41.Rf1 Nf4 42.Bxf4 exf4 43.Bg4 Bd4+ 44.Kh1 Be5
45.Qh3 Bxg4 46.Qxg4 Kh8 47.Rh2 Rg7 48.Rh3 Rae7 49.Kg2 Ra7 50.Rf2 Bd4 51.Rc2 Be5
52.Rf3 Rg8 53.Ne6 Rh7 54.Ra2 Qe7 55.Ng5 Rh5 56.Rh3 Rf8 57.Kf3 Rg8 58.Ra6 Qb7
59.Rc6 Qa7 60.Rc8 Qe7 61.Rh2 Bf6 62.Rxg8+ Kxg8 63.Ne6 Rxh4 64.Qxg6+ Kh8 65.Rxh4+ Bxh4
66.Kg4 Bf6 67.Kxf4 Be5+ 68.Kg4 Qd7 69.Kh5 Qe7 70.Ng5 Qg7 71.Qe8+ Qg8 72.Nf7+ Kg7
73.Qxg8+  1-0

[Event "Mayors Cup Open"]
[Site "Mumbai IND"]
[Date "2008.05.12"]
[Round "3"]
[White "Shailendra,B"]
[Black "Babu,NS"]
[Result "0-1"]
[WhiteElo "2184"]
[BlackElo "2356"]

1.e4 e5 2.Nf3 Nc6 3.Bb5 a6 4.Ba4 Nf6 5.O-O Be7 6.Re1 b5 7.Bb3 d6 8.c3 O-O
9.h3 Bb7 10.d4 Re8 11.Nbd2 Bf8 12.Bc2 g6 13.b3 Nb8 14.dxe5 dxe5 15.Bb2 c5
16.Nf1 Qc7 17.Qe2 Nbd7 18.Rad1 Nb6 19.Ne3 c4 20.b4 Bc8 21.Bc1 a5 22.a3 axb4
23.cxb4 Nh5 24.Nd2 Nf4 25.Qf3 Bg7 26.Nb1 Ne6 27.Qg3 Qc6 28.Nf5 Nd4 29.Nxg7 Kxg7
30.Rxd4 exd4 31.e5 d3 32.Bd1 Bb7 33.Bf3 Qc7 34.Qh4 f5 35.e6 c3 36.Bxb7 Rad8
37.Bf4 d2 38.Rf1 Qe7 39.Bg5 Qxg5 40.Qxg5 d1=Q 41.Rxd1 Rxd1+ 42.Kh2 c2 43.Qg3 c1=Q  0-1

[Event "I Open"]
[Site "Augustow POL"]
[Date "2008.05.13"]
[Round "5"]
[White "Cyborowski,L"]
[Black "Koziak,V"]
[Result "1/2-1/2"]
[WhiteElo "2541"]
[BlackElo "2484"]

1.e4 e5 2.Nf3 Nc6 3.Bb5 a6 4.Ba4 Nf6 5.O-O Be7 6.Re1 b5 7.Bb3 O-O 8.h3 Bb7
9.c3 d6 10.d4 Qd7 11.Nbd2 Rae8 12.Nf1 Bd8 13.Ng3  1/2-1/2

[Event "III President's Cup"]
[Site "Baku AZE"]
[Date "2008.05.14"]
[Round "3"]
[White "Lastin,A"]
[Black "Paehtz,E"]
[Result "1-0"]
[WhiteElo "2622"]
[BlackElo "2449"]

1.e4 e5 2.Nf3 Nc6 3.Bb5 a6 4.Ba4 Nf6 5.O-O Be7 6.Re1 b5 7.Bb3 d6 8.c3 O-O
9.h3 Bb7 10.d3 Nb8 11.Nbd2 Nbd7 12.Nf1 Re8 13.Ng3 Nc5 14.Bc2 Bf8 15.b4 Ncd7
16.d4 a5 17.Bd2 axb4 18.cxb4 g6 19.Bc3 Bg7 20.dxe5 Nxe5 21.Nxe5 dxe5 22.Qe2 c6
23.a4 bxa4 24.Rxa4 Rxa4 25.Bxa4 Nd7 26.Nf1 Qb6 27.Ne3 Ba6 28.Qa2 Bb5 29.Bb3 Re7
30.Nc4 Qb8 31.Rd1 Nf8 32.Nd6 Ne6 33.Nxf7 Kxf7 34.Bxe6+ Rxe6 35.Rd7+ Kf6 36.Rxg7 Qd6
37.Rxh7 Qd3 38.Qa7  1-0

[Event "Mayors Cup Open"]
[Site "Mumbai IND"]
[Date "2008.05.14"]
[Round "5"]
[White "Sai,KG"]
[Black "Babu,NS"]
[Result "1/2-1/2"]
[WhiteElo "2146"]
[BlackElo "2356"]

1.e4 e5 2.Nf3 Nc6 3.Bb5 a6 4.Ba4 Nf6 5.O-O Be7 6.Re1 b5 7.Bb3 d6 8.c3 O-O
9.h3 Bb7 10.d4 Re8 11.Ng5 Rf8 12.Nf3 Qd7 13.Nbd2 Rad8 14.Nf1 exd4 15.cxd4 d5
16.e5 Ne4 17.a3 Na5 18.Ba2 c5 19.Be3 Nc4 20.Qe2 f6 21.exf6 Bxf6 22.Rad1 Kh8
23.N1h2 Rde8 24.Ng4 Bxd4 25.Nxd4 cxd4 26.Rxd4 Nxf2 27.Bxc4 Nxg4 28.hxg4 bxc4
29.Qxc4 Qxg4 30.Rxg4 dxc4 31.Rxc4 Re6 32.Rc7 Bd5  1/2-1/2

[Event "Frank K Berry ch-USA"]
[Site "Tulsa USA"]
[Date "2008.05.14"]
[Round "2"]
[White "Kudrin,S"]
[Black "Ivanov,AV USA"]
[Result "1-0"]
[WhiteElo "2549"]
[BlackElo "2560"]

1.e4 e5 2.Nf3 Nc6 3.Bb5 a6 4.Ba4 Nf6 5.O-O Be7 6.Re1 b5 7.Bb3 d6 8.c3 O-O
9.h3 Bb7 10.d4 Re8 11.Nbd2 Bf8 12.d5 Nb8 13.Nf1 Nbd7 14.N3h2 Nc5 15.Bc2 c6
16.b4 Ncd7 17.dxc6 Bxc6 18.Bg5 Qc7 19.Bxf6 Nxf6 20.Ng4 Be7 21.Nxf6+ Bxf6
22.Bb3 Rac8 23.Qf3 Bd7 24.Re3 Be6 25.Rd1 Bg5 26.Red3 Red8 27.Qh5 Qe7 28.h4 Bf4
29.g3 g6 30.Qf3 Bh6 31.Nh2 Kg7 32.Ng4 Bxb3 33.axb3 Rc6 34.Kg2 Qe6 35.Rd5 Rdc8
36.c4 bxc4 37.bxc4 Qe7 38.c5 dxc5 39.Rd7 Qe6 40.Nxh6 Kxh6 41.Rxf7 Qxf7  1-0

[Event "Mayors Cup Open"]
[Site "Mumbai IND"]
[Date "2008.05.15"]
[Round "6"]
[White "Vishnu,S"]
[Black "Pandit,A"]
[Result "0-1"]
[WhiteElo "1931"]
[BlackElo "2158"]

1.e4 e5 2.Nf3 Nc6 3.Bb5 a6 4.Ba4 Nf6 5.O-O b5 6.Bb3 Be7 7.Re1 O-O 8.h3 Bb7
9.c3 d6 10.d4 exd4 11.cxd4 Na5 12.Bc2 d5 13.e5 Ne4 14.Nc3 f5 15.exf6 Nxf6
16.Ng5 Bc8 17.Nxd5 Qxd5 18.Rxe7 Bb7 19.f3 Rae8 20.Rxe8 Rxe8 21.b4 Nc4 22.Be4 Nxe4
23.fxe4 Qd7 24.e5 Rxe5 25.Bf4 Rf5 26.Qd3 Qd5 27.Nf3 Rxf4 28.Re1 Qd8 29.Kh1 Bxf3
30.gxf3 Rxd4 31.Qe2 Qc8 32.Kh2 Rd2  0-1

[Event "Mayors Cup Open"]
[Site "Mumbai IND"]
[Date "2008.05.18"]
[Round "10"]
[White "Arun,Ka"]
[Black "Eswar,R"]
[Result "1-0"]
[WhiteElo "2281"]
[BlackElo "1986"]

1.e4 e5 2.Nf3 Nc6 3.Bb5 a6 4.Ba4 Nf6 5.O-O Be7 6.Re1 b5 7.Bb3 d6 8.c3 O-O
9.h3 Bb7 10.d4 Re8 11.Nbd2 Bf8 12.a3 h6 13.Bc2 Nb8 14.a4 Nbd7 15.Bd3 c6 16.Nf1 g6
17.Ng3 Bg7 18.b3 Qc7 19.dxe5 dxe5 20.Be3 Red8 21.Qc2 Nf8 22.Red1 Ne6 23.Bf1 Ne8
24.b4 Rxd1 25.Rxd1 Rd8 26.c4 Rxd1 27.Qxd1 Nd6 28.c5 Ne8 29.axb5 axb5 30.Qa1 Qb8
31.Ne2 Qa8 32.Qb2 Qb8 33.Nc1 f6 34.Bd3 Bc8 35.Bc2 N6c7 36.Bb3+ Be6 37.Qd2 Qc8
38.Bxh6 Na6 39.Bxg7 Kxg7 40.Ne1 Qd7 41.Qxd7+ Bxd7 42.Ncd3 Nec7 43.f3 Be6
44.Bxe6 Nxe6 45.Nc2 Kh6 46.Kf2 Kh5 47.g3 Ng5 48.h4 Ne6 49.Ke3 g5 50.hxg5 Kxg5
51.f4+ exf4+ 52.gxf4+ Kh6 53.f5 Nec7 54.Nd4 Nb8 55.Kf4 Kg7 56.Ne6+ Nxe6+
57.fxe6 Kf8 58.Kf5 Na6 59.Kxf6 Ke8 60.e7 Nc7 61.Ne5 Na6 62.Nf7 Nc7 63.Nd6+ Kd7
64.Kf7 Ne8 65.Nxe8 Kc8 66.Nd6+ Kc7 67.e8=R  1-0

[Event "Mayors Cup Open"]
[Site "Mumbai IND"]
[Date "2008.05.19"]
[Round "11"]
[White "Shrestha,R"]
[Black "Patil,Pa"]
[Result "1-0"]
[WhiteElo "2138"]
[BlackElo "1758"]

1.e4 e5 2.Nf3 Nc6 3.Bb5 a6 4.Ba4 Nf6 5.O-O b5 6.Bb3 Be7 7.Re1 O-O 8.c3 d6
9.h3 Bb7 10.d4 exd4 11.cxd4 Re8 12.Nc3 Bf8 13.Bg5 h6 14.Bh4 g5 15.Bg3 b4
16.e5 bxc3 17.exf6 cxb2 18.Rb1 Qxf6 19.Rxe8 Rxe8 20.Ba4 Re4 21.Rxb2 Ba8 22.Bc2 Re7
23.Qd3 Bg7 24.Qxa6 Nxd4 25.Qxa8+ Bf8 26.Nxd4 Qxd4 27.Rb8 Qg7 28.a4 h5 29.h4 Re1+
30.Kh2 gxh4 31.Bxh4 Qe5+ 32.f4 Qxf4+ 33.Bg3 Qh6 34.Rxf8+ Qxf8 35.Qxf8+ Kxf8
36.Bxe1  1-0

[Event "Mayors Cup Open"]
[Site "Mumbai IND"]
[Date "2008.05.19"]
[Round "11"]
[White "Deshpande,Ani"]
[Black "Babu,NS"]
[Result "0-1"]
[WhiteElo "2174"]
[BlackElo "2356"]

1.e4 e5 2.Nf3 Nc6 3.Bb5 a6 4.Ba4 Nf6 5.O-O Be7 6.Re1 b5 7.Bb3 d6 8.c3 O-O
9.h3 Bb7 10.d4 Qd7 11.Nbd2 Rad8 12.a4 h6 13.Qe2 exd4 14.cxd4 Nb4 15.e5 Nfd5
16.Ne4 Bc6 17.a5 Ba8 18.Nh2 dxe5 19.dxe5 c5 20.Ng4 c4 21.Bxh6 cxb3 22.Ng3 Qe6
23.f4 gxh6 24.f5 Nf4 25.Qf1 Qc4 26.Ne2 Bg5  0-1

[Event "Capo d'Orso Open"]
[Site "Porto Mannu Palau ITA"]
[Date "2008.05.23"]
[Round "8"]
[White "Dehmel,J"]
[Black "Razzano,L"]
[Result "1/2-1/2"]
[WhiteElo "2122"]
[BlackElo "1895"]

1.e4 e5 2.Nf3 Nc6 3.Bb5 a6 4.Ba4 Nf6 5.O-O b5 6.Bb3 Be7 7.Re1 d6 8.c3 O-O
9.h3 Bb7 10.d4 Re8 11.Nbd2 Bf8 12.d5 Nb8 13.Nf1 h6 14.N3h2 Nbd7 15.Ng4 Nxg4
16.hxg4 g6 17.Qf3 Nc5 18.Bc2 Qe7 19.Ne3 f6 20.b4 Nd7 21.a4 Bg7 22.Bd2 Nf8
23.Qe2 c6 24.dxc6 Bxc6 25.Bb3+ Kh7 26.Nd5 Qb7 27.c4 Ne6 28.Be3 Bxd5 29.cxd5 Ng5
30.f3 Rec8 31.Qd3 Qd7 32.Reb1 Re8 33.axb5 axb5 34.Bd2 f5 35.Bxg5 hxg5 36.Rxa8 Rxa8
37.exf5 gxf5 38.Bc2 Bf6 39.Qc3 Kg7 40.Bxf5 Qa7+ 41.Kf1 Rh8 42.Rc1 Rh1+ 43.Ke2 Rxc1
44.Qxc1 Qa2+ 45.Qc2 Qxd5 46.Qc7+ Kg8  1/2-1/2

[Event "XXX Nezhmetdinov Mem"]
[Site "Kazan RUS"]
[Date "2008.06.02"]
[Round "2"]
[White "Kuporosov,V"]
[Black "Ospennikov,D"]
[Result "1/2-1/2"]
[WhiteElo "2448"]
[BlackElo "2241"]

1.e4 e5 2.Nf3 Nc6 3.Bb5 a6 4.Ba4 Nf6 5.O-O Be7 6.Re1 b5 7.Bb3 O-O 8.h3 d6
9.c3 Bb7 10.d4 Re8 11.Nbd2 Bf8 12.a3 h6 13.Bc2 Nb8 14.b4 Nbd7 15.Bb2 g6 16.Rc1 Bg7
17.d5 Nb6 18.Bd3 c6 19.dxc6 Bxc6 20.c4 bxc4 21.Nxc4 Nxc4 22.Rxc4 Qb6 23.Rc1 Qb7
24.Qe2 Nh5 25.Bc4 Nf4 26.Qe3 Rac8 27.Bf1 d5 28.exd5 Nxd5 29.Qb3 Nf4 30.Bxe5 Bd5
31.Rxc8 Rxc8 32.Qe3 Bxe5 33.Nxe5 Nxg2 34.Bxg2 Bxg2 35.Nxg6 fxg6 36.Qe6+ Kh8
37.Qe5+ Kg8 38.Qe6+ Kh8 39.Qe5+ Kg8 40.Qe6+  1/2-1/2

[Event "TCh-BIH"]
[Site "Neum BIH"]
[Date "2008.06.07"]
[Round "4"]
[White "Fercec,N"]
[Black "Blagojevic,Dr"]
[Result "1/2-1/2"]
[WhiteElo "2492"]
[BlackElo "2532"]

1.e4 e5 2.Nf3 Nc6 3.Bb5 a6 4.Ba4 Nf6 5.O-O Be7 6.Re1 b5 7.Bb3 d6 8.c3 O-O
9.h3 Bb7 10.d4 Re8 11.Nbd2 Bf8 12.d5 Ne7 13.Nf1 Ng6 14.N3h2 Nd7 15.Ng4 Nc5
16.Bc2 c6 17.b4 Nd7 18.dxc6 Bxc6 19.Bb3 Nb6 20.Qf3 Qc7 21.Nfe3 h5 22.Nh2 Nf4
23.Nf5 d5 24.Bxf4 exf4 25.exd5 Bd7 26.d6 Bxd6 27.Bxf7+ Kxf7 28.Qxh5+ Kg8
29.Nh6+ gxh6 30.Qg6+ Kh8 31.Qxh6+  1/2-1/2

[Event "FSGM June"]
[Site "Budapest HUN"]
[Date "2008.06.10"]
[Round "4"]
[White "Macak,S"]
[Black "Sethuraman,S"]
[Result "0-1"]
[WhiteElo "2342"]
[BlackElo "2425"]

1.e4 e5 2.Nf3 Nc6 3.Bb5 a6 4.Ba4 Nf6 5.O-O Be7 6.Re1 b5 7.Bb3 d6 8.c3 O-O
9.h3 Bb7 10.d4 Re8 11.Nbd2 Bf8 12.d5 Nb8 13.Nf1 Nbd7 14.N3h2 h6 15.Ng4 Nxg4
16.hxg4 Be7 17.Qf3 Bg5 18.Bxg5 Qxg5 19.Qf5 Qe7 20.Ne3 g6 21.Qf3 Nf6 22.a4 Kg7
23.g3 c6 24.dxc6 Bxc6 25.Bd5 Nxd5 26.Nxd5 Bxd5 27.exd5 Qb7 28.axb5 axb5 29.Qe4 Rec8
30.Rxa8 Qxa8 31.Qd3 Rc5 32.Rd1 Qa4 33.f3 Qb3 34.Rd2 b4 35.cxb4 Qxb4 36.Kg2 Rc1
37.Qe3 Rb1 38.Qf2 Qc4 39.Kh2 e4 40.Qe2 Qc1 41.Qg2 e3 42.Rc2 Qd1 43.Re2 Qd4
44.Kh3  0-1

[Event "8th TCh-Euro U18"]
[Site "Szeged HUN"]
[Date "2008.06.15"]
[Round "2"]
[White "Pacher,M"]
[Black "Ohme,M"]
[Result "1/2-1/2"]
[WhiteElo "2324"]
[BlackElo "2248"]

1.e4 e5 2.Nf3 Nc6 3.Bb5 a6 4.Ba4 Nf6 5.O-O Be7 6.Re1 b5 7.Bb3 d6 8.c3 O-O
9.h3 Bb7 10.d4 Re8 11.Nbd2 Bf8 12.d5 Nb8 13.Nf1 Nbd7 14.N3h2 Nc5 15.Bc2 c6
16.b4 Ncd7 17.dxc6 Bxc6 18.Bg5 h6 19.Bxf6 Nxf6 20.Ng4 Rc8 21.Nxf6+ Qxf6 22.a4 Red8
23.axb5 axb5 24.Ne3 Qe7 25.Qd3 Qb7 26.Ra5 g6 27.Rea1 Ra8 28.c4 bxc4 29.Qxc4 Bb5
30.Qa2 Rxa5 31.Qxa5 Rb8 32.Bb3 Bc6 33.Bd5 Be7 34.Qa7 Bxd5 35.Nxd5 Bg5 36.Qxb7 Rxb7
37.g3 Kg7 38.Ra6 Bd2 39.Ra2 Bc1 40.Rc2 Ba3 41.Kf1 f5 42.f3 fxe4 43.fxe4 Bxb4
44.Rc7+ Rxc7 45.Nxc7 Kf7 46.Ke2 Bc5 47.Kf3  1/2-1/2

[Event "Atlantis Promotiegroep"]
[Site "Groningen NED"]
[Date "2008.06.28"]
[Round "2"]
[White "Schoorl,R"]
[Black "Van der Marel,B"]
[Result "1/2-1/2"]
[WhiteElo "2257"]
[BlackElo "2223"]

1.e4 e5 2.Nf3 Nc6 3.Bb5 a6 4.Ba4 Nf6 5.O-O Be7 6.Re1 b5 7.Bb3 d6 8.c3 O-O
9.h3 Bb7 10.d4 Re8 11.Nbd2 Bf8 12.a4 h6 13.Bc2 exd4 14.cxd4 Nb4 15.Bb1 c5
16.d5 g6 17.Nh2 Bg7 18.Ndf3 Qb6 19.a5 Qd8 20.Bd2 Qe7 21.Bc3 Nd7 22.Qd2 Ne5
23.Nxe5 dxe5  1/2-1/2

[Event "Atlantis Promotiegroep"]
[Site "Groningen NED"]
[Date "2008.07.01"]
[Round "5"]
[White "Houtman,J"]
[Black "Schoorl,R"]
[Result "0-1"]
[WhiteElo "2233"]
[BlackElo "2257"]

1.e4 e5 2.Nf3 Nc6 3.Bb5 a6 4.Ba4 Nf6 5.O-O Be7 6.Re1 b5 7.Bb3 d6 8.c3 O-O
9.h3 Bb7 10.d4 Re8 11.Nbd2 Bf8 12.Bc2 g6 13.Nf1 exd4 14.cxd4 Nb4 15.Ng3 Nxc2
16.Qxc2 d5 17.e5 Ne4 18.Bf4 c5 19.dxc5 Bxc5 20.Nxe4 dxe4 21.Rad1 Qb6 22.Ng5 Rad8
23.Nxe4 Bxe4 24.Rxe4 Bxf2+ 25.Kh2 Rxd1 26.Qxd1 Qe6 27.Qf3 Bc5 28.Re2 Bf8
29.Qb3 Qxb3 30.axb3 Bg7 31.Kg1 h6 32.g4 g5 33.Bg3 Re6 34.Kf2 f6 35.exf6 Rxe2+
36.Kxe2 Bxf6 37.Kd3 Bxb2 38.Bc7 Kf7 39.Ke4 Bc3 40.Kd3 Bb4 41.Be5 a5 42.Kc2 a4
43.bxa4 bxa4 44.Bd4 Bf8 45.Bf2 Be7 46.Bd4 Kg6 47.Kb1 Kf7 48.Ka2 Bf8 49.Bf2 Ke6
50.h4 gxh4 51.Bxh4 Ke5 52.g5 h5 53.g6 Kf5 54.g7 Bxg7 55.Ka3 Bf6 56.Be1  0-1

[Event "TCh-TUR"]
[Site "Kocaeli TUR"]
[Date "2008.07.01"]
[Round "13"]
[White "Haznedaroglu,K"]
[Black "Ataman,A"]
[Result "1/2-1/2"]
[WhiteElo "2463"]
[BlackElo "2231"]

1.e4 e5 2.Nf3 Nc6 3.Bb5 a6 4.Ba4 Nf6 5.O-O Be7 6.Re1 b5 7.Bb3 d6 8.c3 O-O
9.h3 Bb7 10.d3 Na5 11.Bc2 c5 12.Nbd2 Re8 13.Nf1 Bf8 14.Bg5 h6 15.Bxf6 Qxf6
16.Ne3 g6 17.a3 c4 18.dxc4 Nxc4 19.Bb3 d5 20.exd5 e4 21.Nd2 Nxb2 22.Qc2 Nd3
23.Nxe4 Rxe4 24.Qxd3 Rae8 25.Re2 Qf4 26.Rd2 Bd6 27.Nf1 Bc8 28.Qf3 Qxf3 29.gxf3 Re1
30.Rdd1 Rxd1 31.Rxd1 Bxh3 32.Ng3 Rd8 33.a4 Bc8 34.axb5 axb5 35.Ra1 Bf8  1/2-1/2

[Event "TCh-TUR"]
[Site "Kocaeli TUR"]
[Date "2008.07.01"]
[Round "14"]
[White "Firat,B"]
[Black "Eken,Y"]
[Result "1-0"]
[WhiteElo "2189"]
[BlackElo "1533"]

1.e4 e5 2.Nf3 Nc6 3.Bb5 a6 4.Ba4 Nf6 5.O-O Be7 6.Re1 b5 7.Bb3 d6 8.c3 O-O
9.h3 Bb7 10.d4 Re8 11.Nbd2 Bf8 12.Bc2 exd4 13.cxd4 Nb4 14.Bb1 c5 15.d5 a5
16.Nf1 Rc8 17.Ng3 g6 18.Bg5 Bg7 19.Qd2 Qc7 20.a3 Na6 21.Bc2 c4 22.Nd4 Qd7
23.Rad1 b4 24.Qf4 Qe7 25.Ba4 Rf8 26.Bc6 h6 27.Bxh6 Bxh6 28.Qxh6 Nb8 29.Ngf5  1-0

[Event "ch-NOR Elite"]
[Site "Tonsberg NOR"]
[Date "2008.07.06"]
[Round "2"]
[White "Kovachev,D"]
[Black "Tjomsland,S"]
[Result "1/2-1/2"]
[WhiteElo "2189"]
[BlackElo "2279"]

1.e4 e5 2.Nf3 Nc6 3.Bb5 a6 4.Ba4 Nf6 5.O-O Be7 6.Re1 b5 7.Bb3 O-O 8.h3 d6
9.c3 Bb7 10.d4 h6 11.Nbd2 Re8 12.Nf1 Bf8 13.Ng3 Na5 14.Bc2 c5 15.b3 cxd4
16.cxd4 Nc6 17.Bb2 Qb6 18.Rc1 g6 19.Qd2 Rac8 20.d5 Nb8 21.Bc3 Nbd7 22.Ba5 Qa7
23.b4 Nb6 24.Qe3 Nfd7 25.a4 Ba8 26.axb5 axb5 27.Nd2 Qa6 28.Qe2 Nc4 29.Nxc4 bxc4
30.Ba4 Re7 31.Nf1 Bb7 32.Ne3 Nb6 33.Bc6 Bxc6 34.dxc6 Rxc6 35.Bxb6 Qxb6 36.Nd5 Qb5
37.Rc3 Rec7 38.Nxc7 Rxc7 39.Rec1 Qxb4 40.Rxc4 Rxc4 41.Rxc4 Qb5 42.Qd3 Kg7
43.g3 Be7 44.Kg2 Bd8 45.Qc3 Ba5 46.Qc2 Bb6 47.Rc3 Bc5 48.Rb3 Qa4 49.Qd3 Qa2
50.Qf3 Bxf2 51.Ra3 Qb2 52.Rb3  1/2-1/2

[Event "XVII Burgas Open"]
[Site "Ourense ESP"]
[Date "2008.07.08"]
[Round "6"]
[White "Ortiz Suarez,I"]
[Black "Perez Candelario,Man"]
[Result "1-0"]
[WhiteElo "2392"]
[BlackElo "2537"]

1.e4 e5 2.Nf3 Nc6 3.Bb5 a6 4.Ba4 Nf6 5.O-O Be7 6.Re1 b5 7.Bb3 d6 8.c3 O-O
9.h3 Bb7 10.d4 Re8 11.Nbd2 Bf8 12.d5 Nb8 13.Nf1 Nbd7 14.N3h2 Nc5 15.Bc2 c6
16.b4 Ncd7 17.dxc6 Bxc6 18.Bg5 Qc7 19.Ng4 Nxg4 20.Qxg4 Nb6 21.Bb3 Bd7 22.Qf3 Be6
23.Rec1 Rec8 24.Be3 Nc4 25.a4 Qb7 26.Bxc4 Rxc4 27.Nd2 Rc6 28.Qe2 d5 29.Nb3 Rcc8
30.Bc5 dxe4 31.Na5 Bc4 32.Qxc4  1-0

[Event "XIII Open"]
[Site "Balaguer ESP"]
[Date "2008.07.16"]
[Round "3"]
[White "Aroshidze,L"]
[Black "Gensana Berzunces,J"]
[Result "1-0"]
[WhiteElo "2547"]
[BlackElo "2016"]

1.e4 e5 2.Nf3 Nc6 3.Bb5 a6 4.Ba4 Nf6 5.O-O b5 6.Bb3 Be7 7.Re1 d6 8.c3 O-O
9.h3 Bb7 10.d4 Qd7 11.Nbd2 Rad8 12.a4 Rfe8 13.d5 Nb8 14.Nf1 c6 15.Bg5 Qc8
16.Bxf6 Bxf6 17.dxc6 Bxc6 18.axb5 axb5 19.Bd5 Rd7 20.Ne3 Be7 21.Qb3 Bxd5
22.Nxd5 Rb7 23.Ra8 g6 24.Rd1 Qd7 25.Nxe5  1-0

[Event "Politiken Cup"]
[Site "Helsingor DEN"]
[Date "2008.07.27"]
[Round "10"]
[White "Boje,T"]
[Black "Petersen,Stee1"]
[Result "0-1"]
[WhiteElo "1979"]
[BlackElo "2170"]

1.e4 e5 2.Nf3 Nc6 3.Bb5 a6 4.Ba4 Nf6 5.O-O b5 6.Bb3 Be7 7.Re1 d6 8.c3 O-O
9.h3 Bb7 10.d4 Re8 11.Nbd2 Bf8 12.a3 h6 13.Bc2 g6 14.b4 Bg7 15.Bb2 Qd7 16.Rb1 Nh5
17.Nf1 Rad8 18.Rc1 Nf4 19.Ng3 Bc8 20.c4 exd4 21.Nxd4 Ne5 22.cxb5 Nxg2 23.Kxg2 Qxh3+
24.Kg1 Bg4 25.Re2 Nf3+ 26.Nxf3 Bxf3 27.Qf1 Qxf1+ 28.Kxf1 Bxe2+ 29.Nxe2 Bxb2
30.Rb1 Bxa3 31.Rb3 Bxb4 32.Rxb4 Rb8 33.Nc3 Re5 34.Bd3 Rc5 35.Na4 Rc1+ 36.Ke2 c5
37.Rb1 Rxb1 38.Bxb1 axb5 39.Nc3 b4 40.Nd5 Ra8 41.Ne3 Ra1 42.Bc2 h5 43.Kf3 Ra3
44.Ke2 h4 45.Kf1 b3 46.Bd3 b2 47.Bc2 Ra1+  0-1